[Event "Thessaloniki ol (Men)"]
[Site "Thessaloniki"]
[Date "1988.??.??"]
[Round "7"]
[White "Cooper, John Grantley"]
[Black "Campora, Daniel H"]
[Result "1-0"]
[WhiteElo "2380"]
[BlackElo "2540"]

1.Nf3 d5 2.d4 Nf6 3.c4 e6 4.g3 Be7 5.Bg2 O-O 6.O-O dxc4 7.Qc2 a6 8.Qxc4 b5
9.Qc2 Bb7 10.Bd2 Nc6 11.e3 Qb8 12.Ne1 Na7 13.Nd3 Bxg2 14.Kxg2 Qb7+ 15.f3 Nd7
16.e4 Nc6 17.Be3 Bf6 18.Qf2 Rfd8 19.Nd2 Nb6 20.Nc5 Qa7 21.a4 bxa4 22.e5 Be7
23.Rfc1 Bxc5 24.Rxc5 Nb4 25.Qe2 N4d5 26.Ne4 Nd7 27.Rc2 Nxe3+ 28.Qxe3 Nxe5
29.Rxa4 Nd7 30.Qc1 Rac8 31.Nd6 Rb8 32.Rxc7 Qb6 33.Ne4 Qxb2+ 34.Qxb2 Rxb2+
35.Kh3 Nb8 36.Nd6 Rf8 37.Rac4 Rb6 38.Nc8 Rb3 39.Ne7+ Kh8 40.Rc8 Nd7 41.Rxf8+ Nxf8
42.Rc8 g6 43.Rxf8+ Kg7 44.Rg8+ Kf6 45.Nc6 Rxf3 46.Ra8 Rc3 47.Ne5 Rc7 48.Rxa6 Kf5
49.Ra2 Ke4 50.Rf2 f5 51.Nf3 h6 52.Kg2 Ke3 53.h4 Rb7 54.Ra2 Rb3 55.Rf2 Rb7
56.Rc2 Rb3 57.Ra2 Rc3 58.Ng1 Rc6 59.Nf3 Rc3 60.Rb2 Rc7 61.Rb3+ Ke4 62.Rb2 Ke3
63.Ne5 g5 64.hxg5 hxg5 65.Nf3 g4 66.Rb3+ Ke2 67.Ne5 Rc2 68.Ng6 Rd2 69.Nf4+ Ke1+
70.Kg1 Rxd4 71.Nxe6 Re4 72.Nf4 Re8 73.Rb5 Rf8 74.Re5+ Kd2 75.Kf2 Rf7 76.Re8 Ra7
77.Re5 Rf7 78.Re3 Ra7 79.Rd3+ Kc2 80.Rd5 Rf7 81.Ne2 Kb2 82.Rc5 Rf8 83.Rc4  1-0

[Event "Thessaloniki ol (Men)"]
[Site "Thessaloniki"]
[Date "1988.??.??"]
[Round "9"]
[White "Gulko, Boris F"]
[Black "Karpov, Anatoly"]
[Result "0-1"]
[WhiteElo "2590"]
[BlackElo "2725"]

1.d4 Nf6 2.c4 e6 3.g3 d5 4.Bg2 Be7 5.Nf3 O-O 6.Qc2 c5 7.O-O cxd4 8.Nxd4 Nc6
9.Nxc6 bxc6 10.b3 Ba6 11.Bb2 Rc8 12.e3 Qb6 13.Nd2 Rfd8 14.Rfd1 Nd7 15.Rac1 Bb7
16.Nf3 c5 17.Ne5 Nxe5 18.Bxe5 d4 19.exd4 Bxg2 20.Kxg2 f6 21.Bf4 cxd4 22.Qe4 e5
23.Bd2 Ba3 24.Rb1 a5 25.Bc1 Bf8 26.g4 Qe6 27.Rb2 g6 28.Re2 Qd7 29.f3 Bg7
30.Kh1 Kh8 31.Rg2 Rc6 32.Rg3 Rd6 33.Bd2 Ra6 34.Rdg1 Re8 35.f4 exf4 36.Qxf4 f5
37.Qf3 Rf6 38.Qd5 Rd6 39.Qf3 Rf8 40.Re1 d3 41.gxf5 Rxf5 42.Qe4 Rf8 43.Rf3 Rxf3
44.Qxf3 h5 45.Kg2 Rf6 46.Qe4 Kh7 47.Re3 Rd6 48.h3 Rd4 49.Qa8 a4 50.c5 axb3
51.axb3 Qf7 52.Qf3 Rf4 53.Qg3 h4 54.Qe1 Qd5+ 55.Kh2 Qxc5 56.Re7 Rf2+ 57.Kh1 Qd5+  0-1

[Event "Thessaloniki ol (Men)"]
[Site "Thessaloniki"]
[Date "1988.??.??"]
[Round "10"]
[White "Manor, Ilan"]
[Black "Upton, Timothy J"]
[Result "1-0"]
[WhiteElo "2430"]
[BlackElo "2265"]

1.d4 d5 2.c4 e6 3.Nf3 Nf6 4.g3 Be7 5.Bg2 O-O 6.O-O dxc4 7.Ne5 Nc6 8.Nxc6 bxc6
9.Na3 Bxa3 10.bxa3 Nd5 11.Qa4 Nb6 12.Qxc6 Rb8 13.Qc5 Bb7 14.e4 Qd7 15.Bf4 Rbc8
16.Rfd1 Rfd8 17.Rac1 Qc6 18.Qb4 Qd7 19.Rd2 Ba8 20.Qa5 Qe7 21.Qxa7 Rd7 22.Qa5 Bb7
23.Qb4 Qd8 24.a4 Ba6 25.a5 Na8 26.Rcd1 Rb8 27.Qc3 Rb5 28.Bf1 c6 29.Bxc4 Qxa5
30.Qxa5 Rxa5 31.Rb1 Bb5 32.d5 exd5 33.exd5 h6 34.dxc6 Bxc6 35.Rxd7 Bxd7 36.Rb8+ Kh7
37.Bxf7 Bc6 38.Rd8 Rc5 39.Rc8 Nb6 40.Be3 Nxc8 41.Bxc5  1-0

[Event "Thessaloniki ol (Men)"]
[Site "Thessaloniki"]
[Date "1988.??.??"]
[Round "11"]
[White "Manor, Ilan"]
[Black "Rubinetti, Jorge A"]
[Result "1-0"]
[WhiteElo "2430"]
[BlackElo "2415"]

1.d4 d5 2.Nf3 Nf6 3.c4 e6 4.g3 Be7 5.Bg2 O-O 6.O-O dxc4 7.Ne5 Qd6 8.Nxc4 Qa6
9.Qb3 Rd8 10.Nc3 Nc6 11.e3 Na5 12.Qa4 Qxc4 13.Qxa5 Bb4 14.Qa4 Bd7 15.Qb3 Qxb3
16.axb3 c6 17.Rd1 Be8 18.Bd2 Bd6 19.Be1 a6 20.Na4 Bc7 21.Nc5 Rab8 22.e4 Nd7
23.b4 Nxc5 24.bxc5 f6 25.Bc3 Bh5 26.Re1 Re8 27.f3 Rbd8 28.Kf2 Bf7 29.Red1 Re7
30.Bf1 Red7 31.Bc4 Kf8 32.Rd3 Ke7 33.Ke2 h5 34.Bb4 Ke8 35.Be1 g5 36.Bf2 Ke7
37.h3 Bg6 38.Rh1 g4 39.hxg4 hxg4 40.Rh6 Rg8 41.Rd1 Rg7 42.Rdh1 gxf3+ 43.Kxf3 Bf7
44.Rh7 Kf8 45.Rh8+ Rg8 46.R8h6 Ke7 47.g4 Bg6 48.Ke3 b6 49.b4 a5 50.Bh4 axb4
51.Rf1 bxc5 52.Bxf6+ Ke8 53.Bxe6 cxd4+ 54.Kd3 Bf7 55.Bxd7+ Kxd7 56.Rh7 Ke6
57.Bxd4 Rf8 58.Rh6+ Kd7 59.Rhf6 Ke8 60.Bc5  1-0

[Event "Thessaloniki ol (Men)"]
[Site "Thessaloniki"]
[Date "1988.??.??"]
[Round "13"]
[White "Hergott, Deen"]
[Black "Haugli, Petter"]
[Result "0-1"]
[WhiteElo "2365"]
[BlackElo "2330"]

1.d4 d5 2.Nf3 Nf6 3.c4 e6 4.g3 Be7 5.Bg2 O-O 6.O-O dxc4 7.Qc2 a6 8.Qxc4 b5
9.Qc2 Bb7 10.Bd2 Ra7 11.a4 b4 12.a5 Be4 13.Qa4 Bc6 14.Qb3 Bd5 15.Qe3 Nbd7
16.Ne1 c5 17.Nd3 Bxg2 18.Kxg2 Nd5 19.Qe4 N7f6 20.Qh4 c4 21.Ne5 Nd7 22.Qe4 f5
23.Qf3 Nxe5 24.dxe5 Rc7 25.Rc1 Qc8 26.h4 Rc5 27.Ra4 Qd7 28.Ra1 Qc7 29.Bf4 c3
30.bxc3 bxc3 31.Rc2 Rb8 32.Qd3 Nb4 33.Qd1 Nxc2 34.Qxc2 Rb2 35.Qd3 c2 36.Na3 Rc3
37.Qxa6 Bxa3 38.Rxa3 Rxa3 39.Qxe6+ Qf7 40.Qd6 Qb7+ 41.Kh2 Ra1 42.Qd8+ Kf7
43.e6+ Kxe6 44.Qg8+ Qf7 45.Qc8+ Qd7 46.Qc4+ Qd5 47.Qc8+ Kf7 48.e4 c1=Q 49.Bxc1 Rxf2+
50.Kg1 Qd1+ 51.Kxf2 Ra2+ 52.Ke3 Qe2+  0-1

[Event "Thessaloniki ol (Men)"]
[Site "Thessaloniki"]
[Date "1988.??.??"]
[Round "14"]
[White "Rechlis, Gad"]
[Black "Wedberg, Tom"]
[Result "1-0"]
[WhiteElo "2515"]
[BlackElo "2510"]

1.d4 Nf6 2.Nf3 e6 3.g3 d5 4.c4 Be7 5.Bg2 O-O 6.O-O c6 7.Qc2 Na6 8.a3 b6 9.Nbd2 Bb7
10.b4 Nb8 11.Bb2 Nbd7 12.Rfd1 a5 13.Qb3 c5 14.b5 Rc8 15.Rac1 Rc7 16.Ne5 Qa8
17.cxd5 exd5 18.a4 Rd8 19.Nf1 c4 20.Qc2 Nxe5 21.dxe5 Ne4 22.Bd4 Bc5 23.Ne3 Bxd4
24.Rxd4 c3 25.Rcd1 Rcc8 26.Bxe4 dxe4 27.Qxc3 h5 28.Rxd8+ Rxd8 29.Rd6 h4 30.gxh4 Re8
31.Qc7 Rc8 32.Qxb6 Kh8 33.Rd7 Rc1+ 34.Kg2 Qe8 35.Qxb7 Qxe5 36.Re7  1-0

[Event "Tilburg"]
[Site "Tilburg"]
[Date "1988.??.??"]
[Round "?"]
[White "Karpov, Anatoly"]
[Black "Short, Nigel D"]
[Result "1/2-1/2"]
[WhiteElo "2725"]
[BlackElo "2665"]

1.d4 Nf6 2.c4 e6 3.Nf3 d5 4.g3 Be7 5.Bg2 O-O 6.O-O dxc4 7.Qc2 a6 8.Qxc4 b5
9.Qc2 Bb7 10.Bd2 Nc6 11.e3 Qb8 12.a3 Rc8 13.Nc3 Nd8 14.b4 a5 15.Rab1 axb4
16.axb4 Nc6 17.Na2 Ra6 18.Nc1 Qa8 19.Qd1 Ra3 20.Ne1 e5 21.Nc2 Ra4 22.d5 Nd8
23.e4 c6 24.dxc6 Bxc6 25.f3 Bd7 26.Nd3 Nc6 27.Be3 Be6 28.Rf2 Ba2 29.Rb2 Bc4
30.Bf1 h6 31.Qe1 Nd7 32.Rd2 Nf8 33.Rb1 Ne6 34.Bh3 Ra2 35.Bxe6 Bxe6 36.Bc5 Bg5
37.Be3 Nd4 38.Nxd4 Bxe3+ 39.Qxe3 exd4 40.Qf2 Rxd2 41.Qxd2 Qa3 42.Ne1 Rc4
43.g4 Qa7 44.Rd1 Qc7 45.Kg2 Qe7 46.Nd3 Rc3 47.Nf4 Rc4 48.Ne2 Qxb4 49.Qxb4 Rxb4
50.Nxd4 Rb2+ 51.Kg3 Ba2 52.h4 b4 53.g5 Rb1 54.Rd2 b3 55.gxh6 gxh6 56.Kf4 Rc1
57.Rb2 Rc3 58.Ke5 Rd3 59.Nc6 Rxf3 60.Nb4 f6+ 61.Kd4 Kf7 62.Nxa2 bxa2  1/2-1/2

[Event "Tirnavia-B"]
[Site "Trnava"]
[Date "1988.??.??"]
[Round "2"]
[White "Mikhalchishin, Adrian"]
[Black "Cvetkovic, Srdjan"]
[Result "1-0"]
[WhiteElo "2490"]
[BlackElo "2430"]

1.d4 Nf6 2.c4 e6 3.Nf3 d5 4.g3 Be7 5.Bg2 O-O 6.Qc2 c5 7.O-O cxd4 8.Nxd4 Nc6
9.Nxc6 bxc6 10.Rd1 Bb7 11.Nc3 Re8 12.Na4 Bd6 13.b3 Qe7 14.Bb2 Rac8 15.e3 h5
16.Qe2 h4 17.gxh4 Nd7 18.Qh5 f6 19.Rac1 Be5 20.Rc2 Ba6 21.Bf1 dxc4 22.Bxc4 Bxc4
23.Rxc4 Bxb2 24.Nxb2 Ne5 25.Rc2 Red8 26.Nc4 Rxd1+ 27.Qxd1 Nxc4 28.Rxc4 Rd8
29.Qh5 Rd5 30.Qg6 Qd7 31.Rg4 Rf5 32.Rd4 Rd5 33.Rxd5 Qxd5 34.h5 Qd1+ 35.Kg2 Qd5+
36.e4 Qd2 37.Qe8+ Kh7 38.Qg6+ Kg8 39.Qe8+ Kh7 40.h4 Qf4 41.Qxe6 Qxh4 42.Qf5+ Kg8
43.b4 Kh8 44.Qc8+ Kh7 45.Qf5+ Kh8 46.a3 Kg8 47.Qc8+ Kh7 48.Qf5+ Kg8 49.a4 Kh8
50.Qc8+ Kh7 51.Qf5+ Kh8 52.a5 Kg8 53.Qc8+ Kh7 54.Qf5+ Kg8 55.a6 Kh8 56.Qc8+ Kh7
57.Qf5+ Kh8 58.Kf1 Qh1+ 59.Ke2 Qc1 60.h6 Qc4+ 61.Kf3 Qxa6 62.e5 Qa3+ 63.Kg2 Qxb4
64.exf6 gxh6 65.Qc8+ Kh7 66.Qd7+  1-0

[Event "USA-ch"]
[Site "?"]
[Date "1988.??.??"]
[Round "?"]
[White "Seirawan, Yasser"]
[Black "Frias, Victor J"]
[Result "1-0"]
[WhiteElo "2610"]
[BlackElo "2510"]

1.d4 Nf6 2.c4 e6 3.g3 d5 4.Nf3 Be7 5.Bg2 O-O 6.O-O dxc4 7.Qa4 a6 8.Qxc4 b5
9.Qc2 Bb7 10.Bf4 Nd5 11.Nbd2 Nd7 12.Nb3 Nxf4 13.gxf4 Nf6 14.e3 Be4 15.Qd1 Rc8
16.Ne5 Bxg2 17.Kxg2 Qd5+ 18.Qf3 Ne4 19.Rfd1 f5 20.Nd2 Bd6 21.Nxe4 fxe4 22.Qg4 Rf5
23.Kh1 c5 24.Nd7 Qb7 25.dxc5 Bxc5 26.Nxc5 Rcxc5 27.Rd8+ Kf7 28.Rg1  1-0

[Event "URS-ch otbor56"]
[Site "Uzhgorod"]
[Date "1988.??.??"]
[Round "?"]
[White "Donchenko, Anatoly G"]
[Black "Shabanov, Yuri"]
[Result "1/2-1/2"]
[WhiteElo "2385"]
[BlackElo "2395"]

1.d4 d5 2.c4 e6 3.Nf3 Nf6 4.g3 Be7 5.Bg2 O-O 6.O-O dxc4 7.Ne5 Nc6 8.Nxc6 bxc6
9.Bxc6 Rb8 10.Nc3 Nd5 11.e4 Nb4 12.Bb5 e5 13.d5  1/2-1/2

[Event "Uzhgorod"]
[Site "Uzhgorod"]
[Date "1988.??.??"]
[Round "?"]
[White "Andonov, Bogomil"]
[Black "Basin, Leonid"]
[Result "1/2-1/2"]
[WhiteElo "2415"]
[BlackElo "2350"]

1.Nf3 d5 2.c4 e6 3.g3 Nf6 4.Bg2 Be7 5.d4 O-O 6.Qc2 c6 7.Nbd2 b6 8.b3 Bb7
9.Bb2 Na6 10.a3 Rc8 11.b4 c5 12.dxc5 bxc5 13.b5 Nb8 14.O-O Nbd7 15.a4 d4
16.Ne1 Qc7 17.Bxb7 Qxb7 18.Ng2 Rfd8 19.e4 dxe3 20.Nxe3 h5 21.Qd1 Qc7 22.Qe2 Nf8
23.Rfd1 Ng6 24.Nb3 h4 25.Rxd8+ Rxd8 26.Rd1 Rxd1+ 27.Qxd1 Ne4 28.Nd2 Ng5 29.Nf3 Qb7
30.Nxg5 Bxg5 31.Qg4 Bxe3 32.fxe3 h3 33.e4 Qd7 34.Qe2 Qd6 35.Kf2 Ne5 36.Ke3 f5
37.exf5 exf5 38.Bxe5 Qxe5+ 39.Kf3 Qc3+ 40.Kf4 g6  1/2-1/2

[Event "Val Maubuee"]
[Site "Val Maubuee"]
[Date "1988.??.??"]
[Round "?"]
[White "Pergericht, Daniel"]
[Black "Villeneuve, Alain"]
[Result "1-0"]
[WhiteElo "2325"]
[BlackElo "2335"]

1.d4 Nf6 2.c4 e6 3.g3 d5 4.Nf3 Be7 5.Bg2 O-O 6.O-O dxc4 7.Qc2 a6 8.a4 Nc6
9.Qxc4 Qd5 10.Nbd2 Qxc4 11.Nxc4 Rd8 12.e3 Rb8 13.Nfe5 Nb4 14.Bd2 Ne8 15.Bxb4 Bxb4
16.Nd3 Bf8 17.Rfc1 f6 18.f4 c6 19.b4 Nc7 20.Rab1 Bd7 21.Nc5 Be8 22.Bh3 Kf7
23.Nb6 Ke7 24.Rd1 Nd5 25.Nxd5+ exd5 26.Rdc1 Bg6 27.Rb2 Kd6 28.Rb3 Re8 29.b5 axb5
30.axb5 cxb5 31.Rxb5 b6 32.Nd7 Bd3 33.Rb3 Bc4 34.Rxb6+ Rxb6 35.Nxb6 Ba6 36.Ra1 Bb7
37.Kf2 Re7 38.Ra7 Rc7 39.Nd7 Be7 40.Nc5 Kc6 41.Ne6 Kb6 42.Nxc7 Kxa7 43.Bg2 Kb6
44.Nxd5+ Bxd5 45.Bxd5 Ba3 46.Bg8 h6 47.e4 Kc6 48.h4 Bb2 49.Ke3 Bc3 50.h5 Be1
51.g4 Bc3 52.e5 Bb2 53.Ke4 Kd7 54.d5 Bc1 55.Bh7 Bd2 56.Bg6 Kc7 57.d6+ Kc6
58.Be8+ Kc5 59.d7 Ba5 60.exf6 gxf6 61.Kf5 Bd8 62.Kg6 Kd6  1-0

[Event "FRA-ch"]
[Site "Val Thorens"]
[Date "1988.??.??"]
[Round "6"]
[White "Verat, Laurent"]
[Black "Abravanel, Chely"]
[Result "0-1"]
[WhiteElo "2230"]
[BlackElo "2270"]

1.d4 Nf6 2.c4 e6 3.g3 d5 4.Bg2 Be7 5.Nf3 b6 6.Nc3 Bb7 7.Ne5 O-O 8.O-O Nbd7
9.cxd5 exd5 10.Qa4 Nb8 11.Rd1 a6 12.Bf4 b5 13.Qb3 Ra7 14.Rac1 Ba8 15.Rd2 c6
16.a3 Nbd7 17.e4 Nb6 18.Ne2 Nc4 19.Nxc4 bxc4 20.Qc2 Re8 21.e5 Nd7 22.Be3 Rb7
23.Qf5 Nf8 24.Qg4 Rb3 25.Rc3 Rxc3 26.bxc3 Bb7 27.f4 Bc8 28.Qf3 Qb6 29.h3 Bxa3
30.g4 a5 31.f5 a4 32.f6 g6 33.Kh2 Ne6 34.Nf4 Bf8 35.h4 a3 36.h5 Nxf4 37.Bxf4 Qb1
38.hxg6 a2 39.gxf7+ Kxf7 40.Qh3 a1=Q 41.Rd1 Qab2 42.Rxb1 Qxb1 43.Bf3 Be6
44.Qh5+ Qg6 45.Qh4 Kg8 46.g5 Qc2+ 47.Kg3 Qxc3  0-1

[Event "FRA-ch"]
[Site "Val Thorens"]
[Date "1988.??.??"]
[Round "9"]
[White "Adrian, Claude"]
[Black "Verat, Laurent"]
[Result "1/2-1/2"]
[WhiteElo "2210"]
[BlackElo "2230"]

1.Nf3 d5 2.d4 Nf6 3.c4 e6 4.g3 Be7 5.Bg2 O-O 6.O-O dxc4 7.Na3 Bd7 8.Ne5 Bc6
9.Bxc6 Nxc6 10.Nxc6 bxc6 11.Nxc4 c5 12.dxc5 Qxd1 13.Rxd1 Bxc5 14.Be3 Bxe3
15.Nxe3 Rfd8 16.Rxd8+ Rxd8 17.Rc1 Rd7 18.Nc4 h6 19.Kf1 Rd5 20.Ke1 Rh5 21.h4 g5
22.Ne3 gxh4 23.gxh4 Rxh4 24.Rxc7 Rh1+ 25.Kd2 Ne4+ 26.Kc2 h5 27.f3 h4 28.fxe4 h3
29.Ng4 Rg1 30.Rc3 Rxg4 31.Rxh3 Rxe4 32.Kd2 Rb4 33.Kc3 Ra4 34.a3 Kf8 35.Rd3 Ke7
36.Rd4 Ra5 37.Rb4 f5  1/2-1/2

[Event "Vilnius"]
[Site "Vilnius"]
[Date "1988.??.??"]
[Round "?"]
[White "Krasenkow, Michal"]
[Black "Khalifman, Alexander"]
[Result "1/2-1/2"]
[WhiteElo "2460"]
[BlackElo "2505"]

1.d4 d5 2.c4 e6 3.Nf3 Nf6 4.g3 Be7 5.Bg2 O-O 6.O-O dxc4 7.Qc2 a6 8.a4 Bd7
9.Rd1 Bc6 10.Nc3 Bxf3 11.Bxf3 Nc6 12.Bxc6 bxc6 13.a5 Qb8 14.Ra4 Qb3 15.Qxb3 cxb3
16.Rc4 c5 17.dxc5 Rfd8 18.Rxd8+ Rxd8 19.Be3 Nd5 20.Nxd5 Rxd5 21.Rb4 h6 22.Rxb3 Bxc5
23.Bxc5 Rxc5 24.Rb8+ Kh7 25.Rb7 Rxa5 26.Rxc7 Kg6 27.Rc6 Rb5 28.Rxa6 Rxb2
29.e3 Rc2  1/2-1/2

[Event "RSFSR-ch"]
[Site "Voronezh"]
[Date "1988.??.??"]
[Round "?"]
[White "Sorokin, Maxim"]
[Black "Pigusov, Evgeny"]
[Result "1/2-1/2"]
[WhiteElo "2400"]
[BlackElo "2530"]

1.d4 Nf6 2.Nf3 d5 3.c4 e6 4.g3 Be7 5.Bg2 O-O 6.O-O dxc4 7.Nc3 Nbd7 8.e4 c5
9.Bf4 Nb6 10.a4 cxd4 11.Nxd4 a6 12.a5 Nbd7 13.e5 Nd5 14.Bxd5 exd5 15.Nf5 Nc5
16.Nxe7+ Qxe7 17.Nxd5 Qd8 18.Nb6 Bh3 19.Nxa8 Qxa8 20.Qh5 Bxf1 21.Rxf1 Qc8
22.Bd2 Re8 23.Bc3 Ne4 24.Qf3 Nxc3 25.Qxc3 Qc5 26.Rc1 g6 27.b4 Qxe5 28.Qxe5 Rxe5
29.Rxc4  1/2-1/2

[Event "RSFSR-ch"]
[Site "Voronezh"]
[Date "1988.??.??"]
[Round "?"]
[White "Ruban, Vadim"]
[Black "Pigusov, Evgeny"]
[Result "1/2-1/2"]
[WhiteElo "2395"]
[BlackElo "2530"]

1.d4 d5 2.c4 e6 3.Nf3 Nf6 4.g3 Be7 5.Bg2 O-O 6.O-O dxc4 7.Qc2 a6 8.Qxc4 b5
9.Qc2 Bb7 10.Bd2 Be4 11.Qc1 Bb7 12.Qc2 Be4 13.Qc1 Bb7 14.Qc2 Be4  1/2-1/2

[Event "RSFSR-ch"]
[Site "Voronezh"]
[Date "1988.??.??"]
[Round "?"]
[White "Zilberstein, Valery I"]
[Black "Pigusov, Evgeny"]
[Result "1/2-1/2"]
[WhiteElo "2350"]
[BlackElo "2530"]

1.d4 Nf6 2.c4 e6 3.g3 d5 4.Nf3 Be7 5.Bg2 O-O 6.Qc2 c5 7.O-O Nc6 8.dxc5 d4
9.a3 a5 10.Bg5 Bxc5 11.Nbd2 h6 12.Bxf6 Qxf6 13.Ne1 Qe7 14.Nd3 Bd7  1/2-1/2

[Event "Zuerich op"]
[Site "Zuerich"]
[Date "1988.??.??"]
[Round "2"]
[White "Kiss, Laszlo"]
[Black "Kummle, Thomas"]
[Result "1-0"]
[WhiteElo "2375"]
[BlackElo "2165"]

1.d4 Nf6 2.c4 e6 3.g3 d5 4.Bg2 Be7 5.Nf3 O-O 6.O-O dxc4 7.Ne5 c5 8.dxc5 Bxc5
9.Nxc4 Qe7 10.Nc3 Rd8 11.Qb3 Nc6 12.Bxc6 bxc6 13.Bg5 Rd4 14.e3 Rg4 15.Bxf6 gxf6
16.h3 Rg6 17.Ne4 Qc7 18.Rfd1 Be7 19.Ned6 Ba6 20.Rd2 Rb8 21.Qc2 c5 22.Qa4 Bxd6
23.Nxd6 Be2 24.Rxe2 Qxd6 25.Rd1 Qe5 26.Qxa7 Kg7 27.Rd7 Rf8 28.Qb7 Qh5 29.Rc2 Qxh3
30.Rxc5 Rh6 31.Rcc7 Qh2+ 32.Kf1 Qh5 33.a4 Qg6 34.Rc1 Rh2 35.Kg1 Rh5 36.b4 Qg4
37.a5 Qh3 38.Qg2 Qf5 39.g4  1-0

[Event "Nordic-tt"]
[Site "Aabybro"]
[Date "1989.??.??"]
[Round "?"]
[White "Wojtkiewicz, Aleksander"]
[Black "Brynell, Stellan"]
[Result "1-0"]
[WhiteElo "2475"]
[BlackElo "2485"]

1.Nf3 Nf6 2.c4 e6 3.g3 d5 4.Bg2 Be7 5.d4 O-O 6.O-O dxc4 7.Nc3 c5 8.dxc5 Nc6
9.Qa4 Qa5 10.Qxc4 Qxc5 11.Qxc5 Bxc5 12.Bf4 Nd5 13.Nxd5 exd5 14.Rac1 Bb6 15.Rfd1 Rd8
16.Ne5 Nxe5 17.Bxe5 Be6 18.Bc7 Bxc7 19.Rxc7 b6 20.f4 Kf8 21.Kf2 Rdc8 22.Rdc1 Rxc7
23.Rxc7 a5 24.Rb7 Rc8 25.Rxb6 Rc2 26.Bf3 Ke7 27.a3 Kd7 28.Rb5 Kc6 29.Rxa5 Rxb2
30.f5 Kb6 31.fxe6 Kxa5 32.exf7 Rb8 33.Bxd5 Kb5 34.e4 Kc5 35.a4 Kd6 36.a5  1-0

[Event "Alicante op2"]
[Site "Alicante"]
[Date "1989.??.??"]
[Round "?"]
[White "Gallego, Victoriano"]
[Black "Villavicencio, Adalberto"]
[Result "1/2-1/2"]
[WhiteElo "2385"]
[BlackElo "2325"]

1.d4 Nf6 2.c4 e6 3.g3 Be7 4.Bg2 d5 5.Nf3 O-O 6.O-O dxc4 7.Qc2 a6 8.Qxc4 b5
9.Qc2 Bb7 10.Bf4 Nd5 11.Nc3 Nxf4 12.gxf4 Nd7 13.Rfd1 Qc8  1/2-1/2

[Event "Alma-Ata"]
[Site "Alma-Ata"]
[Date "1989.??.??"]
[Round "2"]
[White "Temirbaev, Serik"]
[Black "Murugan, Krishnamoorthy"]
[Result "1/2-1/2"]
[WhiteElo "2390"]
[BlackElo "2460"]

1.d4 Nf6 2.c4 e6 3.Nf3 d5 4.g3 Be7 5.Bg2 O-O 6.Nbd2 c5 7.cxd5 exd5 8.dxc5 Bxc5
9.O-O Nc6 10.Nb3 Bb6 11.Nbd4 Re8 12.Be3 Bg4 13.Rc1 Rc8 14.Rc3 Nxd4 15.Bxd4 Bxd4
16.Nxd4 Rxc3 17.bxc3 Qa5 18.h3 Bd7 19.Qb3 b6 20.Rc1 h5 21.e3 Rc8 22.Qb2 Qc5
23.Nb3 Qc7 24.Qd2 Qe5 25.Qd4 Qxd4  1/2-1/2

[Event "Euwe mem"]
[Site "Amsterdam"]
[Date "1989.??.??"]
[Round "?"]
[White "Timman, Jan H"]
[Black "Hjartarson, Johann"]
[Result "1/2-1/2"]
[WhiteElo "2610"]
[BlackElo "2615"]

1.d4 Nf6 2.c4 e6 3.Nf3 d5 4.g3 Be7 5.Bg2 O-O 6.O-O dxc4 7.Qc2 a6 8.Qxc4 b5
9.Qc2 Bb7 10.Bd2 Nc6 11.e3 Qb8 12.a3 Rc8 13.Re1 a5 14.Nc3 Nd8 15.e4 b4 16.Na4 Nd7
17.Bf4 Bd6 18.Be3 Bc6 19.d5 b3 20.Qc4 Qb5 21.Qxb5 Bxb5 22.Nc3 Bd3 23.Nd4 Nc5
24.Rad1 Rab8 25.dxe6 fxe6 26.Bh3 Bc2 27.Rd2 Bxe4 28.Ndb5 Bc2 29.Bf1 Nf7 30.Nd4  1/2-1/2

[Event "OHRA-A"]
[Site "Amsterdam"]
[Date "1989.??.??"]
[Round "?"]
[White "Gulko, Boris F"]
[Black "Beliavsky, Alexander G"]
[Result "1/2-1/2"]
[WhiteElo "2610"]
[BlackElo "2620"]

1.d4 Nf6 2.c4 e6 3.g3 d5 4.Bg2 Be7 5.Nf3 O-O 6.O-O dxc4 7.Qc2 a6 8.a4 Bd7
9.Qxc4 Bc6 10.Bg5 Bd5 11.Qd3 c5 12.dxc5 Nbd7 13.Nc3 Nxc5 14.Qe3 Qa5 15.Rad1 Bc6
16.Rd4 Nb3 17.Rc4 Rad8 18.Bxf6 Bxf6 19.Ne4 Bxe4 20.Rxe4 Nd2 21.Nxd2 Qxd2
22.Qxd2 Rxd2 23.b3 b5 24.Rb1 Rc8 25.Bf3 g6 26.axb5 axb5 27.Rb4 Rc5 28.g4 Bd4
29.h4 h6 30.Kf1 g5 31.hxg5 hxg5 32.Bb7 Bc3 33.Re4 Rd7 34.b4 Bxb4 35.Ba6 Bc3
36.Bxb5 Rb7 37.Bd3 Rxb1+ 38.Bxb1  1/2-1/2

[Event "ARG-ch"]
[Site "?"]
[Date "1989.??.??"]
[Round "3"]
[White "Giardelli, Sergio C"]
[Black "Bielicki, Carlos"]
[Result "1-0"]
[WhiteElo "2430"]
[BlackElo "2315"]

1.c4 e6 2.g3 d5 3.Bg2 Nf6 4.Nf3 Be7 5.d4 O-O 6.O-O b6 7.b3 Bb7 8.Bb2 Na6
9.Nbd2 c5 10.e3 Rc8 11.Qe2 Qc7 12.Rfd1 Qb8 13.Rac1 Qa8 14.Bh3 Rcd8 15.Ne5 Nb4
16.a3 Nc6 17.dxc5 Bxc5 18.Ng4 Nxg4 19.Qxg4 d4 20.Nf3 f5 21.Qh5 Rf6 22.exd4 Rh6
23.Qg5 Be7 24.Qe3 Rxh3 25.Qxe6+ Kh8 26.d5 Qc8 27.Qf7 Rg8 28.dxc6 Qxc6 29.Qxe7 h6
30.Rd8  1-0

[Event "ARG-ch"]
[Site "?"]
[Date "1989.??.??"]
[Round "13"]
[White "Walicki, Diego"]
[Black "Rodriguez, Jorge Luis"]
[Result "1/2-1/2"]
[WhiteElo "2255"]
[BlackElo "2265"]

1.Nf3 Nf6 2.c4 e6 3.g3 d5 4.d4 Be7 5.Bg2 O-O 6.O-O c6 7.Qc2 Nbd7 8.Nbd2 Re8
9.e4 dxe4 10.Nxe4 Nxe4 11.Qxe4 Bf6 12.Rd1 Qb6 13.Ne5 Nxe5 14.dxe5 Be7 15.Qe2 Qc7
16.h4 a5 17.Bg5 Bf8 18.Rd2 h6 19.Bf4 Bd7 20.h5 Red8 21.Be4 Be8 22.Rad1 Bb4
23.Rxd8 Rxd8 24.Bc2 Rxd1+ 25.Qxd1 Qd7 26.Qxd7 Bxd7 27.Be3 b5 28.cxb5 cxb5
29.Be4 a4  1/2-1/2

[Event "EU-ch U20"]
[Site "Arnhem"]
[Date "1989.??.??"]
[Round "?"]
[White "Sjodahl, Pontus"]
[Black "Bosch, Jeroen"]
[Result "1-0"]
[WhiteElo "2280"]
[BlackElo "2305"]

1.d4 d5 2.c4 e6 3.Nf3 Nf6 4.g3 Be7 5.Bg2 O-O 6.O-O dxc4 7.Qa4 a6 8.Qxc4 b5
9.Qc2 Bb7 10.Bd2 Be4 11.Qc1 Nbd7 12.Ba5 Rc8 13.Nbd2 Bb7 14.Qc2 Qe8 15.b4 Nb8
16.a3 Nc6 17.Nb3 Nxa5 18.Nxa5 Be4 19.Qb2 Nd7 20.Rac1 Bf6 21.Qd2 Nb6 22.Qf4 Ba8
23.e4 Qd8 24.Rfd1 Be7 25.h4 f5 26.Nc6 Qe8 27.Nfe5 Bd6 28.exf5 Rxf5 29.Qg4 Qf8
30.f4 Bxe5 31.dxe5 Nc4 32.Rc3 Bxc6 33.Bxc6 Rd8 34.Rcd3 Rxd3 35.Rxd3 Qb8 36.Kh2 g6
37.Be4 Qb6 38.Qe2 Rf7 39.Kh3 Kg7 40.h5 Qg1 41.hxg6 hxg6 42.Qg4 Rf5 43.Rd7+ Kh6
44.Qh4+  1-0

[Event "AUT-ch"]
[Site "?"]
[Date "1989.??.??"]
[Round "2"]
[White "Klinger, Josef"]
[Black "Herzog, Adolf"]
[Result "1/2-1/2"]
[WhiteElo "2475"]
[BlackElo "2375"]

1.Nf3 d5 2.c4 e6 3.g3 Nf6 4.d4 Be7 5.Bg2 O-O 6.O-O c6 7.Nc3 b6 8.Ne5 Bb7
9.e4 Nbd7 10.Nxc6 Bxc6 11.exd5 exd5 12.cxd5 Bb7 13.d6 Bxg2 14.dxe7 Qxe7 15.Kxg2 Rfd8
16.Re1 Qb4 17.a3 Qc4 18.Be3 Ne5 19.Qa4 Qxa4 20.Nxa4 Nc6 21.Red1 Rd6 22.Rac1 Rad8
23.Nc3 h6 24.Nb5 Re6 25.Nc7 Red6 26.d5 Ne7 27.Bf4 R6d7 28.d6 Ng6 29.Be3 Ng4
30.Rc2 Rxd6 31.Rxd6 Rxd6 32.Bc1 N4e5 33.Nb5 Rd7 34.b4 f6 35.Rc8+ Kf7 36.f4 Ne7
37.Rc2 N5c6 38.Be3 Rd3 39.Bf2 Ke6 40.Nc3 Nf5 41.Ne2 Kd6 42.Rc3 Rxc3 43.Nxc3 Nfe7
44.Kf3 f5 45.Ke2 Nd8 46.Nb5+ Ke6 47.Kd3 g6 48.Kc4 Ndc6 49.Nc3 Kd6 50.Bd4 Nc8
51.Nb5+ Ke6 52.a4 a6 53.Bxb6 axb5+ 54.Kxb5 Kd7 55.a5 Nd6+ 56.Ka4 Ne7 57.a6 Nec8
58.Bc5 Kc6 59.Kb3 Nb5 60.Kc4 h5 61.h3 Nb6+ 62.Bxb6 Kxb6 63.Kd5 Nc3+ 64.Ke5 Kxa6
65.Kf6 Ne2 66.Kxg6 Nxg3 67.Kg5 Kb5 68.Kh4  1/2-1/2

[Event "AUT-chT"]
[Site "?"]
[Date "1989.??.??"]
[Round "?"]
[White "Fauland, Alexander"]
[Black "Hoelzl, Franz"]
[Result "1/2-1/2"]
[WhiteElo "2450"]
[BlackElo "2350"]

1.d4 Nf6 2.Nf3 e6 3.c4 d5 4.g3 Be7 5.Bg2 O-O 6.O-O c6 7.Qc2 b6 8.Nbd2 Bb7
9.e4 Na6 10.Ne5 dxe4 11.Nxe4 Qxd4 12.Bf4 Nxe4 13.Bxe4 f5 14.Bg2 Qd8 15.Rad1 Qc8
16.Qe2 Nc5 17.b4 Ne4 18.Bxe4 fxe4 19.Rd7 Bf6 20.Qg4 Kh8 21.Qxe6 Qe8 22.Nf7+ Kg8
23.Nh6+ Kh8 24.Nf7+ Kg8 25.Ng5+ Qxe6 26.Nxe6 Rf7 27.Rfd1 Re8 28.Ng5  1/2-1/2

[Event "Bad Mergentheim op"]
[Site "Bad Mergentheim"]
[Date "1989.??.??"]
[Round "?"]
[White "Smejkal, Jan"]
[Black "Barbero, Gerardo F"]
[Result "1-0"]
[WhiteElo "2545"]
[BlackElo "2475"]

1.c4 e6 2.Nf3 d5 3.d4 Nf6 4.g3 Be7 5.Bg2 O-O 6.O-O c6 7.Qc2 b6 8.b3 Bb7 9.Nc3 Na6
10.Rd1 Rc8 11.e4 Re8 12.Bb2 Qc7 13.e5 Nd7 14.Qe2 Qb8 15.h4 Nc7 16.cxd5 cxd5
17.Bh3 Ba6 18.Qe3 Nb5 19.Nxd5 Ba3 20.Bxa3 Nxa3 21.Rac1 Rxc1 22.Rxc1 exd5
23.Bxd7 Re7 24.e6 fxe6 25.Bxe6+ Kh8 26.Ne5 Qf8 27.Bxd5 g6 28.Re1 Kg7 29.h5 h6
30.Qc1 Nb5 31.Nxg6 Rxe1+ 32.Qxe1 Qf6 33.Qe8  1-0

[Event "Barcelona Vulca"]
[Site "Barcelona"]
[Date "1989.??.??"]
[Round "?"]
[White "Sanchez Guirado, Francisco"]
[Black "Campos Moreno, Javier B"]
[Result "0-1"]
[WhiteElo "2360"]
[BlackElo "2430"]

1.d4 e6 2.Nf3 d5 3.c4 Nf6 4.g3 Be7 5.Bg2 O-O 6.O-O c6 7.Qc2 b6 8.b3 Bb7 9.Nc3 Na6
10.Rd1 Rc8 11.e4 Re8 12.Bf4 h6 13.a3 Bf8 14.Qd3 c5 15.exd5 exd5 16.dxc5 Nxc5
17.Qc2 Nce4 18.Nxe4 Nxe4 19.Be3 Qc7 20.Bh3 Rcd8 21.Nd4 dxc4 22.Nb5 Qe5 23.bxc4 Ng5
24.Bg2 Nf3+ 25.Kh1 Qh5 26.h4 Be7 27.Rxd8 Rxd8 28.Qe2 Bxh4 29.g4 Qxg4 30.Rd1  0-1

[Event "Bayamo"]
[Site "Bayamo"]
[Date "1989.??.??"]
[Round "2"]
[White "Verduga, Denis Homero"]
[Black "Garcia, Gildardo"]
[Result "1/2-1/2"]
[WhiteElo "2415"]
[BlackElo "2430"]

1.d4 d5 2.Nf3 Nf6 3.c4 e6 4.g3 Be7 5.Bg2 O-O 6.O-O dxc4 7.Ne5 c5 8.dxc5 Qc7
9.Nxc4 Bxc5 10.Qb3 Nbd7 11.Nc3  1/2-1/2